[Event "TUR-chT2"]
[Site "Konya"]
[Date "2018.07.14"]
[Round "8.11"]
[White "Guctekin, Nuri"]
[Black "Yavuz, Mustafa"]
[Result "1-0"]
[WhiteElo "2094"]
[BlackElo "1931"]
[PlyCount "68"]
[EventDate "2018.07.10"]
[EventType "team-swiss"]
[EventRounds "9"]
[EventCountry "TUR"]
[SourceTitle "EXT 2019"]
[Source "ChessBase"]
[SourceDate "2018.10.10"]
[SourceVersion "1"]
[SourceVersionDate "2018.10.10"]
[SourceQuality "1"]
[WhiteTeam "Derince Turgut"]
[BlackTeam "Aydin Zeybek"]
[WhiteTeamCountry "TUR"]
[BlackTeamCountry "TUR"]

1. Nf3 Nf6 2. d4 e6 3. c4 d5 4. e3 Nbd7 5. Bd3 Be7 6. 0-0 0-0 7. Nbd2 a6 8. Qc2 Bb4 9. a3 Bxd2 10. Bxd2 dxc4 11. Bxc4 b5 12. Bd3 Bb7 13. Ba5 Rc8 14. Rac1 Nb6 15. Ne5 Re8 16. Rfd1 h6 17. f3 Nfd5 18. Bh7+ Kf8 19. Be4 f5 20. Bxd5 Nxd5 21. e4 Ne3 22. Qc5+ Kg8 23. Re1 Qg5 24. g3 Nc4 25. Nxc4 bxc4 26. Rxc4 fxe4 27. Qxg5 hxg5 28. fxe4 e5 29. d5 Re7 30. Rec1 Kf7 31. Bxc7 g4 32. Bd6 Ree8 33. Rc7+ Kg6 34. Kf2 a5 1-0

[Event "Istanbul op-A 12th"]
[Site "Istanbul"]
[Date "2013.10.14"]
[Round "4"]
[White "Yavuz, Mustafa"]
[Black "Erdogdu, Muammer Mustafa"]
[Result "0-1"]
[WhiteElo "1975"]
[BlackElo "1692"]
[PlyCount "66"]
[EventDate "2013.10.12"]
[EventType "swiss"]
[EventRounds "9"]
[EventCountry "TUR"]
[SourceTitle "EXT 2014"]
[Source "ChessBase"]
[SourceDate "2013.11.20"]
[SourceVersion "1"]
[SourceVersionDate "2013.11.20"]
[SourceQuality "1"]

1. e4 c5 2. Nf3 Nc6 3. Nc3 g6 4. d4 cxd4 5. Nxd4 Bg7 6. Be3 d6 7. Qd2 Bd7 8. 0-0-0 Rc8 9. Kb1 a6 10. Nd5 Nf6 11. f3 h5 12. h4 b5 13. Nxc6 Rxc6 14. Bg5 Nxd5 15. exd5 Rc7 16. Bd3 Qc8 17. Rhe1 Bf5 18. Bxf5 Qxf5 19. g4 hxg4 20. fxg4 Qxg4 21. Re4 Qxe4 22. Re1 Qd4 23. Qxd4 Bxd4 24. c3 Be5 25. Re4 e6 26. dxe6 fxe6 27. a4 Rf8 28. axb5 axb5 29. Rb4 Rc5 30. c4 Rf1+ 31. Ka2 bxc4 32. Rb8+ Kd7 33. Rb7+ Kc6 0-1